000 01133nam a22002415i 4500
001 153277
003 ES-MaACL
005 20250723060842.0
008 050805s1768 gw a | |||||||| ||lat d
040 _aCAM
_bspa
_cCAM
130 0 _aCorpus juris civilis
_9135269
245 1 0 _aCorpus Iuris Civilis reconcinnatum
_b: Speciatim D. Iustiniani ... Digestorum sive Pandectarum iuris enucleati ex omni vetere iure collecti, ordini institutionum subordinati libri quinquaginta /
_cauctore Eusebio Begero ...; pars tertia.
260 _aFrancofurti et Lipsiae :
_bprostat ap. Aug. Leb. Stettin ...,
_c1768.
300 _a[16], 518, [2], 504, [6], [2] en bl. p. ;
_cFol.
594 _aLa "sectio posterior" de la pars tertia con portadilla propia.
597 _aSign.: []1, )p3, 2)(4, A-Z4, Aa-Zz4, Aaa-Ttt4; A-Z4, Aa-Zz4, Aaa-Sss4.
597 _aPort. con viñeta xil.
597 _aTexto a dos col.
599 _aLa h. []1 es una h. de grab. calc.: "J.A. Joninger fecit"
700 1 _aBegero, Eusebio.
_9125888
852 _aES-MaACL
_jR-1344-45
_z-- Enc. pasta española
_x-- Olim: G-15160-61
999 _c153277
_d153277